Normal view
MARC view
- Zarchan, Paul
Entry Personal Name
001 - CONTROL NUMBER
- control field: 65925
003 - CONTROL NUMBER IDENTIFIER
- control field: NUST
005 - DATE AND TIME OF LATEST TRANSACTION
- control field: 20210628203518.0
008 - FIXED-LENGTH DATA ELEMENTS
- fixed length control field: 210628|| aca||aabn | a|a d
040 ## - CATALOGING SOURCE
- Original cataloging agency: NUST
- Transcribing agency: NUST
100 ## - HEADING--PERSONAL NAME
- Personal name: Zarchan, Paul
670 ## - SOURCE DATA FOUND
- Source citation: Work cat.: (NUST): Zarchan, Paul, Tactical and strategic missile guidance , progress in astronautics and aeronautics, 1994
